Theories and policies of macroeconomics (Record no. 1308298)
[ view plain ]
| 000 -LEADER | |
|---|---|
| fixed length control field | 01376nam a2200217 4500 |
| 005 - DATE AND TIME OF LATEST TRANSACTION | |
| control field | 20250403132623.0 |
| 008 - FIXED-LENGTH DATA ELEMENTS--GENERAL INFORMATION | |
| fixed length control field | 250329b |||||||| |||| 00| 0 eng d |
| 020 ## - INTERNATIONAL STANDARD BOOK NUMBER | |
| International Standard Book Number | 9781666869712 |
| 037 ## - SOURCE OF ACQUISITION | |
| Terms of availability | Textual |
| 040 ## - CATALOGING SOURCE | |
| Original cataloging agency | RTL |
| Transcribing agency | RTL |
| 084 ## - COLON CLASSIFICATION NUMBER | |
| Classification number | X:72 R4 |
| Assigning agency | RTL |
| 100 ## - MAIN ENTRY--PERSONAL NAME | |
| Personal name | Wilkinson, Preston |
| 9 (RLIN) | 751619 |
| 245 ## - TITLE STATEMENT | |
| Title | Theories and policies of macroeconomics |
| 260 ## - PUBLICATION, DISTRIBUTION, ETC. | |
| Place of publication, distribution, etc. | Wilmington |
| Name of publisher, distributor, etc. | American Academic Publisher |
| Date of publication, distribution, etc. | 2024 |
| 300 ## - PHYSICAL DESCRIPTION | |
| Extent | ix, 289p. |
| Other physical details | Includes bibliographical reference & index |
| 520 ## - SUMMARY, ETC. | |
| Summary, etc. | When we study economy at large, we use the term "macroeconomics". macroeconomics is concerned with the understanding of aggregate phenomena such as economic growth, business cycles, unemployment, inflation and international trade among others These topics are of particular relevance for the development and evaluation of economic policy. This book "Theories and Policies of macroeconomics" deals with balanced approach between theoretical and mathematical aspects of the subject has been adopted to ensure ease and clarity in leaning. The book brings classroom teaching directly to the student has been adopted to ensure ease and that it uses. |
| 650 ## - SUBJECT ADDED ENTRY--TOPICAL TERM | |
| Topical term or geographic name entry element | Macoeconomics |
| 9 (RLIN) | 751624 |
| 650 ## - SUBJECT ADDED ENTRY--TOPICAL TERM | |
| Topical term or geographic name entry element | Economic theories of devlopment & planning |
| 9 (RLIN) | 751625 |
| 650 ## - SUBJECT ADDED ENTRY--TOPICAL TERM | |
| Topical term or geographic name entry element | Theory of applications of macroeconomics |
| 9 (RLIN) | 751626 |
| 942 ## - ADDED ENTRY ELEMENTS (KOHA) | |
| Source of classification or shelving scheme | Colon Classification (CC) |
| Suppress in OPAC | No |
| Koha item type | Textbook |
| Classification part | X:72 R4 |
| Withdrawn status | Lost status | Source of classification or shelving scheme | Damaged status | Not for loan | Home library | Current library | Date acquired | Total Checkouts | Full call number | Barcode | Date last seen | Price effective from | Koha item type |
|---|---|---|---|---|---|---|---|---|---|---|---|---|---|
| Colon Classification (CC) | Ratan Tata Library | Ratan Tata Library | 2025-03-29 | X:72 R4 | RT1528341 | 2025-03-29 | 2025-03-29 | Textbook |
